Islam in the modern national state / (Record no. 20413)

MARC details
000 -LEADER
fixed length control field 00838cam a22002771 4500
001 - CONTROL NUMBER
control field 6129233
003 - CONTROL NUMBER IDENTIFIER
control field BDDh-ASL
005 - DATE AND TIME OF LATEST TRANSACTION
control field 20231015025903.0
008 - FIXED-LENGTH DATA ELEMENTS--GENERAL INFORMATION
fixed length control field 720512s1965 enk b 000 0 eng
010 ## - LIBRARY OF CONGRESS CONTROL NUMBER
LC control number 66013638
015 ## - NATIONAL BIBLIOGRAPHY NUMBER
National bibliography number GB65-23019
035 ## - SYSTEM CONTROL NUMBER
System control number (OCoLC)307272
040 ## - CATALOGING SOURCE
Original cataloging agency DLC
Transcribing agency OGK
Modifying agency OCoLC
-- Uk
-- DLC
-- BDDh-ASL
042 ## - AUTHENTICATION CODE
Authentication code premarc
050 00 - LIBRARY OF CONGRESS CALL NUMBER
Classification number BP173.6
Item number .R6
082 ## - DEWEY DECIMAL CLASSIFICATION NUMBER
Classification number 297.09
Item number ROI
100 1# - MAIN ENTRY--PERSONAL NAME
Personal name Rosenthal, Erwin Isak Jakob,
Dates associated with a name 1904-
245 10 - TITLE STATEMENT
Title Islam in the modern national state /
Statement of responsibility, etc. by Erwin I.J. Rosenthal.
260 ## - PUBLICATION, DISTRIBUTION, ETC.
Place of publication, distribution, etc. Cambridge [Eng.]
Name of publisher, distributor, etc. University Press,
Date of publication, distribution, etc. 1965.
300 ## - PHYSICAL DESCRIPTION
Extent xxi, 416 p.
Dimensions 23 cm.
504 ## - BIBLIOGRAPHY, ETC. NOTE
Bibliography, etc. note Bibliography: p. 394-408.
650 #0 - SUBJECT ADDED ENTRY--TOPICAL TERM
Topical term or geographic name entry element Islam and state.
651 #0 - SUBJECT ADDED ENTRY--GEOGRAPHIC NAME
Geographic name Islamic countries
General subdivision Politics and government.
906 ## - LOCAL DATA ELEMENT F, LDF (RLIN)
a 7
b cbc
c oclcrpl
d u
e ncip
f 19
g y-gencatlg
942 ## - ADDED ENTRY ELEMENTS (KOHA)
Source of classification or shelving scheme Dewey Decimal Classification
Koha item type Books
Holdings
Withdrawn status Lost status Source of classification or shelving scheme Damaged status Not for loan Collection code Home library Current library Shelving location Date acquired Source of acquisition Total Checkouts Full call number Barcode Date last seen Copy number Price effective from Koha item type Public note
    Dewey Decimal Classification   Not For Loan Non-fiction Asiatic Society Library Asiatic Society Library General Stacks 01/09/2021 ASB Collection   297.09 ROI 103854 01/09/2021 C-1 01/09/2021 Books RARE
    Dewey Decimal Classification   Not For Loan Non-fiction Asiatic Society Library Asiatic Society Library General Stacks 01/09/2021 ASB Collection   297.09 ROI 103855 01/09/2021 C-2 01/09/2021 Books RARE

Powered by Koha